Islam for dummies / (Record no. 3224)

MARC details
000 -LEADER
fixed length control field 02686cam a22003134a 4500
001 - CONTROL NUMBER
control field 3224
003 - CONTROL NUMBER IDENTIFIER
control field FISKH
005 - DATE AND TIME OF LATEST TRANSACTION
control field 20240220150949.0
008 - FIXED-LENGTH DATA ELEMENTS--GENERAL INFORMATION
fixed length control field 030205s2003 nyu 001 0 eng
010 ## - LIBRARY OF CONGRESS CONTROL NUMBER
LC control number 2003101858
020 ## - INTERNATIONAL STANDARD BOOK NUMBER
International Standard Book Number 0764555030 (pbk.)
020 ## - INTERNATIONAL STANDARD BOOK NUMBER
International Standard Book Number 9780764555039
035 ## - SYSTEM CONTROL NUMBER
System control number (DLC) 2003101858
040 ## - CATALOGING SOURCE
Original cataloging agency DLC
Transcribing agency DLC
Modifying agency DLC
Language of cataloging eng
042 ## - AUTHENTICATION CODE
Authentication code pcc
050 00 - LIBRARY OF CONGRESS CALL NUMBER
Classification number BP161.3
Item number .C53 2003
082 00 - DEWEY DECIMAL CLASSIFICATION NUMBER
Classification number 297
Edition number 22
100 1# - MAIN ENTRY--PERSONAL NAME
Personal name Clark, Malcolm
Fuller form of name (Warren Malcolm)
245 10 - TITLE STATEMENT
Title Islam for dummies /
Statement of responsibility, etc. by professor Malcolm Clark.
260 ## - PUBLICATION, DISTRIBUTION, ETC.
Place of publication, distribution, etc. New York :
Name of publisher, distributor, etc. Wiley Publish,
Date of publication, distribution, etc. 2003.
300 ## - PHYSICAL DESCRIPTION
Extent 366 pages ;
Dimensions illustrations ;
Other physical details 24 cm
500 ## - GENERAL NOTE
General note Includes index.
520 ## - SUMMARY, ETC.
Summary, etc. Many non-Muslims have no idea that Muslims worship the same God as Christians and Jews, and that Islam preaches compassion, charity, humility, and the brotherhood of man. And the similarities don't end there. According to Islamic teaching, Muhammad founded Islam in 610 CE after the angel Gabriel appeared to him at Mecca and told him that God had entered him among the ranks of such great biblical prophets as Abraham, Moses, and Christ. Whether you live or work alongside Muslims and want to relate to them better, or you simply want to gain a better understanding of the world's second largest religion, Islam For Dummies can help you make sense of this religion and its appeal. From the Qur'an to Ramadan, this friendly guide introduces you to the origins, practices and beliefs of Islam, including: Muhammad, the man and the legend The Five Pillars of Wisdom The Five Essentials beliefs of Islam The different branches of Islam and Islamic sects The Qur'an and Islamic law Islam throughout history and its impact around the world Professor Malcolm Clark explores the roots of Islam, how it has developed over the centuries, and it's long and complex relationship with Christianity. He helps puts Islam in perspective as a major cultural and geopolitical force. And he provided helpful insights into, among other things: Muhammad, the Qur'an and the ethical teachings of Islam Muslim worship, customs, and rituals surrounding birth, marriage, and death Shi'ites, Sunnis, Sufis, Druze, and other important Muslim groups Islam in relation to Judaism and Christianity In these troubled times, it is important that we try to understand the belief systems of others, for through understanding comes peace. Islam For Dummies helps you build bridges of understanding between you and your neighbors in the global village.
650 #0 - SUBJECT ADDED ENTRY--TOPICAL TERM
Topical term or geographic name entry element Islam.
650 #0 - SUBJECT ADDED ENTRY--TOPICAL TERM
Topical term or geographic name entry element Islam
General subdivision Essence, genius, nature.
650 #0 - SUBJECT ADDED ENTRY--TOPICAL TERM
Topical term or geographic name entry element Islam
General subdivision Doctrines.
906 ## - LOCAL DATA ELEMENT F, LDF (RLIN)
a 7
b cbc
c orignew
d 2
e epcn
f 20
g y-gencatlg
942 ## - ADDED ENTRY ELEMENTS (KOHA)
Source of classification or shelving scheme Dewey Decimal Classification
Koha item type Books
Suppress in OPAC No
Holdings
Withdrawn status Lost status Source of classification or shelving scheme Damaged status Not for loan Collection Home library Current library Shelving location Date acquired Total Checkouts Full call number Barcode Date last seen Price effective from Koha item type
    Dewey Decimal Classification     Non-Fiction Footprints International School Library Network Toul Kork Campus Footprints International School Library Network Toul Kork Campus   02/20/2024   CLA 297 BP161.3 FISSE03299 02/20/2024 02/20/2024 Books